|
|
|
|
| LEADER |
00000nam a22000007a 4500 |
| 005 |
20210716234824.0 |
| 007 |
cr|||| |||| |
| 008 |
210716s2019 co |||||s|||| 00||0 spa d |
| 020 |
|
|
|a 978-958-792-075-8
|
| 035 |
|
|
|a 33440
|
| 040 |
|
|
|a vLex
|
| 090 |
|
|
|c 11870
|d 11870
|
| 100 |
1 |
|
|a Niǫ Rojas, Vc̕tor Miguel
|
| 245 |
1 |
0 |
|a Metodologa̕ de la Investigacin̤
|h [Recurso electrn̤ico] :
|b Diseǫ, ejecucin̤ e informe /
|c Vc̕tor Miguel Niǫ Rojas
|
| 256 |
|
|
|a Servicio en ln̕ea
|
| 260 |
|
|
|a Bogot:̀
|b Ediciones de la U,
|c 2019
|
| 300 |
|
|
|a 1 recurso electrn̤ico
|
| 500 |
|
|
|a En nuestros da̕s ya no se puede continuar pensando que el investigar es una actividad exclusiva de los “cientf̕icos”. Es una tarea inherente a la vida humana, pues todos de alguna manera investigamos en bs︢queda del conocimiento. Con mayor razn̤ es una labor que les incumbe a todos los que tienen que ver con las actividades acadm̌icas e intelectuales. ¿Es posible ayudarles a asumir esta tarea mostrando un camino expedito y exitoso? La presente obra es una excelente respuesta, la cual ofrece, con el estilo didc̀tico que caracteriza al maestro, las pautas necesarias para diseąr un proyecto de investigacin̤, ejecutarlo y elaborar el informe. Adems̀, regala a los docentes unas reflexiones de sumo interš para promover la investigacin̤ en el aula. Los docentes y estudiantes universitarios, profesionales e intelectuales encuentran aqu ̕una orientacin̤ sl̤ida, eficaz y, al mismo tiempo, agradable la cual abrir ̀las puertas al atractivo mundo de la investigacin̤.
|
| 506 |
1 |
|
|a Disponible solo en los productos indicados
|d vLex Global
|d vLex Global (Academic Edition, excluding Law Schools)
|d vLex Global (U.S. Academic Edition, Law Schools)
|d vLex Global (U.S. Academic Edition, excluding Law Schools)
|d vLex Global (Academic Edition, Law Schools)
|
| 650 |
0 |
4 |
|a Educacin̤
|z Colombia
|
| 740 |
0 |
|
|a vLex Libros (Servicio en ln̕ea)
|
| 856 |
4 |
0 |
|u https://vlex.com/source/metodologia-de-la-investigacion-dise-o-ejecucion-e-informe-33440
|z Acceso restringido
|
| 942 |
|
|
|c BOOK
|
| 999 |
0 |
|
|a Education
|